Kraje z największą liczbą użytkowników Discorda - Statystyki

Ogólne statystyki
  • Ten quiz został rozwiązany 96 razy
  • Średni wynik to 12 z 15
Statystyki odpowiedzi
Użytkownicy Kraj % Poprawnych
11M Polska
100%
112M Stany Zjednoczone
99%
16M Francja
91%
17M Niemcy
91%
36M Wielka Brytania
91%
11M Kanada
89%
37M Rosja
89%
13M Włochy
86%
14M Japonia
85%
18M Meksyk
83%
44M Indie
82%
60M Brazylia
80%
10M Australia
79%
9M Filipiny
30%
10M Nigeria
28%
Nie znaleziono quizów pasujących do podanych kryteriów
Rozkład punktacji
Procent ludzi z każdym wynikiem
Percentyl według liczby udzielonych odpowiedzi
Twoja historia wyników
Nie rozwiązałeś tego quizu